Carregant...
Historical geology /
| Autor principal: | |
|---|---|
| Idioma: | Undetermined |
| Publicat: |
1960.
|
| Edició: | 2nd ed. |
| LEADER | 00535nam a2200145Ia 4500 | ||
|---|---|---|---|
| 001 | 25220 | ||
| 008 | 170722s9999 xx 000 0 und d | ||
| 100 | |a Dunbar, Carlo | ||
| 245 | |a Historical geology / | ||
| 250 | |a 2nd ed. | ||
| 260 | |c 1960. | ||
| 942 | |c GEN | ||
| 999 | |c 55749 |d 55749 | ||
| 952 | |0 0 |1 0 |4 0 |6 H_5_000000000000000_H9K01 |7 0 |9 79661 |a LIB |b LIB |d 2017-08-12 |o H5 h9,K01 |p 78722 |r 2017-08-12 |w 2017-08-12 |y GEN | ||
| 952 | |0 0 |1 0 |4 0 |6 H_5_000000000000000_H9K01 |7 0 |9 79662 |a LIB |b LIB |d 2017-08-12 |l 2 |o H5 h9,K01 |p 104873 |r 2018-01-21 |s 2017-12-23 |w 2017-08-12 |y GEN | ||